000 01237nam a2200277Ia 4500
999 _c49554
_d49554
001 16486
003 GE_BSU
005 20221129115647.0
008 181216s2014||||ge |||||||||||||| ||geo||
020 _a9789941066283
040 _cGE_BSU
041 _ageo
080 _a159.922.7+ 37.018.1 ა-28
100 _aადლერი, ა. (ალფრედ)
_916193
245 _aბავშვთა აღზრდა /
_cალფრედ ადლერი ; მთარგმნ.: ნინა თურმანიძე, ლაშა ბულია ; რედ. თამაზ თურმანიძე.
264 _aთბილისი
_bგეო,
_c2014.
300 _a245 გვ.;
_b20 სმ.
541 _h8ლ.50თ
653 _aბავშვთა აღზრდა
653 _aბავშვის ფსიქოლოგია
653 _aპედაგოგიკა
700 _aთურმანიძე, ნ. (ნინა)
_eმთარგმნელი
_916194
700 _aბულია, ლ. (ლაშა)
_eმთარგმნელი
_916195
700 _aთურმანიძე, თ. (თამაზ)
_eრედაქტორი
_916196
942 _cBK
_2udc